Kleinste österreichische Gemeinden A-Z - Statistiken

Allgemein
  • Dieses Quiz wurde 14 mal gespielt
  • Das Durchschnittsergebnis liegt bei 9 aus 23
Antwortstatistiken
Bevölkerung Bundesland Gemeinde % Korrekt
G 41 Tirol Gramais
70%
S 99 Tirol Spiss
60%
A 127 Niederösterreich Andlersdorf
50%
B 162 Niederösterreich Bürg-Vöstenhof
50%
H 94 Tirol Hinterhornbach
50%
I 330 Burgenland Inzenhof
50%
K 78 Tirol Kaisers
50%
N 65 Tirol Namlos
50%
T 67 Burgenland Tschanigraben
50%
Y 2.009 Niederösterreich Yspertal
50%
D 140 Vorarlberg Dünserberg
40%
E 391 Tirol Elmen
30%
F 260 Tirol Forchach
30%
J 302 Tirol Jungholz
30%
P 105 Tirol Pfafflar
30%
V 257 Tirol Vorderhornbach
30%
Z 240 Tirol Zöblen
30%
L 286 Vorarlberg Lorüns
20%
M 318 Oberösterreich Mayrhof
20%
O 378 Tirol Obernberg am Brenner
20%
R 296 Oberösterreich Rutzenham
20%
U 223 Tirol Untertilliach
20%
W 171 Vorarlberg Warth
20%
Keine übereinstimmenden Quizze gefunden
Verteilung der Resultate
Anzahl Personen mit jedem Resultat
Perzentil nach korrekt beantworteten Fragen
Ihre Resultats-Entwicklung
Sie haben dieses Quiz noch nicht gespielt